| 000 | nam a22 a 4500 | ||
|---|---|---|---|
| 999 |
_c4449 _d4449 |
||
| 005 | 20170530101806.0 | ||
| 008 | 170530b2004 my ||||| |||| 00| 0 eng d | ||
| 040 | _aAKMAL | ||
| 082 | _a428.09595 MAN | ||
| 090 |
_a428.09595 _bMAN |
||
| 100 |
_aManvender Kaur A/P Sarjit Singh _98625 |
||
| 245 |
_aA Training Needs Analysis For Customs Front-Line Officers : _bA Case Study At Kompleks Sultan Abu Bakar, Tanjung Kupang / _cManvender Kaur A/P Sarjit Singh |
||
| 260 |
_aMalaysia _c2004 |
||
| 300 |
_a109 ms _ccm |
||
| 942 |
_2ddc _cBOOK |
||